000 00798nam a2200241 i 4500
001 bgj
100 1 _aGoethe, Johann Wolfgang von
_d(1749-1832).
245 1 0 _aDie guten Frauen als Gegenbilder der bösen Weiber /
_cJohann Wolfgang Goethe ; mit Kupferstichen von Johann Heinrich Ramberg aus dem Taschenbuch für Damen auf das Jahr 1801.
260 _aFrankfurt am Main :
_bInsel Verlag,
_c1986.
300 _a59, [1] s. :
_bil. ;
_c18 cm.1
490 _aInsel Taschenbuch
_v9259
650 _aPowieść niemiecka
700 1 _aRAMBERG, Johann Heinrich.
830 _aInsel Taschenbuch
020 _a3458326251
040 _cBPK
041 0 _ager
044 _aDEU
080 _a821.112.2-3
920 _a3-458-32625-1
942 _cKS
008 s gw f |000 0 ger
999 _c50604
_d50604
856 _uhttp://koha.tu.koszalin.pl/cgi-bin/koha/opac-detail.pl?biblionumber=50604
_yKatalog online BPK